La reciprocità verginità-matrimonio. Profezia di comunione nella Chiesa sposa. (Record n. 212316)
[ formato base ]
| 000 -LEADER | |
|---|---|
| campo di controllo lung. fissa | 01628nam a2200241Ia 4500 |
| 001 - Numero di controllo | |
| campo di controllo | b4894-32128 |
| 003 - Identificatore del numero di controllo | |
| campo di controllo | IT-MiCISF |
| 005 - Data e orario dell'ultima transazione | |
| campo di controllo | 20250721135734.0 |
| 008 - Elementi di lunghezza fissa--Informazione generale | |
| campo di controllo lung. fissa | 161014s9999||||xx |||||||||||||| ||und|| |
| 040 ## - Fonte della catalogazione | |
| Agenzia catalografica originale | IT-MiCISF |
| Agenzia che fa la trascrizione | IT-MiCISF |
| 041 ## - Codice di lingua | |
| Codice di lingua del testo/traccia sonora o titolo separato | it |
| 100 ## - Accesso principale -- nome di persona | |
| Nome di persona | Ufficio Nazionale della CEI per la Pastorale della Famiglia (a cura di) |
| 9 (RLIN) | 62499 |
| 245 #0 - Formulazione del titolo | |
| Titolo | La reciprocità verginità-matrimonio. Profezia di comunione nella Chiesa sposa. |
| Complemento del titolo | Atti del seminario di studio organizzato da CEI-Uff. Naz. per la Pastorale della Famiglia, U.S.M.I., C.I.S.M. |
| 260 ## - Pubblicazione, distribuzione, ecc. (stampa) | |
| Luogo di pubblicazione, distribuzione, ecc. | Siena, |
| Nome dell'editore, distributore, ecc. | Cantagalli, |
| Data di pubblicazione, distribuzione, ecc. | 2000 |
| 300 ## - Descrizione fisica | |
| Estensione | pp. 343 |
| 500 ## - Nota generale | |
| Nota generale | pastorale-familiare, verginità, matrimonio-sacramento, teologia, bibbia, magistero, religioni-non-cristiane |
| 520 ## - Riassunto, ecc. | |
| Nota di riassunto, ecc. | L'Ufficio nazionale per la pastorale familiare della CEI sin dal 1997 ha avvertito l'esigenza di approfondire il tema della reciprocità vocazionale esistente tra i fedeli chiamati a seguire Cristo nel matrimonio e nella verginità. Da tale esigenza sono scaturiti finora tre seminari di studio, gli atti dell'ultimo dei quali sono contenuti nel presente volume. Il dibattito ha fornito una ricostruzione della problematica matrimonio-verginità sotto il profilo biblico (G. Bruni), storico-teologico (M. Aliotta), liturgico (L. Crociani), ecclesiologico (C. Militello), antropologico (C. Valenziano). |
| 650 ## - Accesso aggiunto di soggetto--termine topico | |
| Termine topico o nome geografico come accesso | Pastorale-familiare |
| Termine di ruolo | 012 |
| 654 ## - Accesso aggiunto di soggetto--termini topici faccettati | |
| Termine principale | atti |
| 700 ## - Accesso aggiunto--nome di persona | |
| Nome di persona | Aliotta M., Bartolini E., Bruni G., Crociani L., Danese A., Di Nicola G.P., Militello C., Palumbo E., Torti R., Vasciaveo C., Valenziano C. |
| 9 (RLIN) | 62500 |
| 942 ## - Dati aggiuntivi (Koha) | |
| Tipo copia default (Koha) | LIBRO |
| Fonte della classificazione o dello schema di collocazione (segnatura) | Dewey Decimal Classification |
| 999 ## - Sys Number locale (Koha) | |
| Koha Dewey Subclass [OBSOLETE] | si |
| Ritirato (status) | Perso (status) | Danneggiato (status) | Non per il presito | Biblioteca proprietaria | Biblioteca in cui si trova | Data d'acquisizione | Totale prestiti | Collocazione | Data ultima operazione | Prezzo in vigore dal | Tipo copia default (Koha) | Nota pubblica |
|---|---|---|---|---|---|---|---|---|---|---|---|---|
| Buone Condizioni | Not For Loan | CISF - Milano | CISF - Milano | 14/10/2016 | b4894-32128 | 14/10/2016 | 14/10/2016 | LIBRO | Data import 15.10.2016 / by Epidotti, Vaglietti |